| 000 | 00497nam a2200169 a 4500 | ||
|---|---|---|---|
| 005 | 20140310183334.0 | ||
| 008 | 060905s19uu xx 00 eng d | ||
| 020 | _a1-4018-1985-0 | ||
| 050 |
_aTX 911.3.M27 _b.W33 2006 |
||
| 100 | _aWade, Donald | ||
| 245 |
_aSuccessful restaurant management: _bfrom vision to execution. |
||
| 260 |
_aAustralia : _bThomson Delmar Learning, _c2006. |
||
| 300 |
_a362 p. : _c24 cm. |
||
| 650 | _aRestaurant management. | ||
| 942 |
_cBK _2lcc _kFOR |
||
| 999 |
_c21636 _d21636 |
||